| 000 | 01337nam a22003497a 4500 | ||
|---|---|---|---|
| 001 | 1102 | ||
| 003 | FISKH | ||
| 005 | 20251219103055.0 | ||
| 008 | 230731b cb ||||| |||| 00| 0 eng d | ||
| 010 | _a 96041227 | ||
| 020 | _a0399229019 | ||
| 020 | _a9780590947282 | ||
| 040 |
_aDLC _cDLC _dDLC _beng |
||
| 042 | _alcac | ||
| 050 | 0 | 0 |
_aPZ7.D2394 _bAo 1997 |
| 082 | 0 | 0 |
_aFic _220 |
| 100 | 1 |
_aDanziger, Paula, _d1944-2004. |
|
| 245 | 1 | 0 |
_aAmber Brown sees red / _cPaula Danziger ; illustrated by Tony Ross. |
| 260 |
_aNew York : _bScholastic _c1997. |
||
| 300 |
_a116 pages : _billustrations ; _c20 cm |
||
| 505 | _aO | ||
| 520 | _aThe year that she is in the fourth grade is a difficult one for Amber, as she tries to deal with escalating telephone fights between her divorced parents and her father's impending return to take joint custody of her. | ||
| 521 | 8 |
_a610
_bLexile |
|
| 521 | 8 |
_aO
_bRaz-Plus |
|
| 650 | 1 |
_aDivorce _xFiction. |
|
| 650 | 1 |
_aSchools _xFiction. |
|
| 700 | 1 |
_aRoss, Tony, _eillustrator. |
|
| 856 | 4 | 2 |
_3Contributor biographical information _uhttp://www.loc.gov/catdir/enhancements/fy1207/96041227-b.html |
| 906 |
_a7 _bcbc _corignew _d1 _eocip _f19 _gy-gencatlg |
||
| 942 |
_2ddc _cBK _n0 |
||
| 999 |
_c1102 _d1102 |
||